000 00447nam a2200181Ia 4500
100 _aRosen/Kenneth H
650 _aMathematics
250 _a7
942 _cBK
366 _f25
654 _adiscrete mathematics
245 _aDiscrete Mathematics and its applications with combinatorics and graph theory
260 _bTata Mc Graw hill Ltd.
_c2011
082 _a510
_bROS
300 _a843
546 _aENGLISH
_cproduction
999 _c20198
_d20198